000 00267nam a22001217a 4500
999 _c535385
_d535385
040 _cMSOHAIL
082 _a891.4393
_bAHM
100 _aNimra Ahmad
_99255
245 _aIblees
260 _aLahore
_bIlm o Irfan Publisher
_c2013
300 _a159;px
942 _2ddc
_cBK